Discurso leído en la Universidad Central en la inauguración del curso de 1904 a 1905 / (Record no. 140300)

MARC details
000 -LEADER
campo de control de longitud fija 00768nam a2200217 4500
001 - NÚMERO DE CONTROL
campo de control 140300
003 - IDENTIFICADOR DE NÚMERO DE CONTROL
campo de control ES-MaACL
005 - FECHA Y HORA DE LA ÚLTIMA TRANSACCIÓN
campo de control 20240203062548.0
007 - CAMPO FIJO DE DESCRIPCIÓN FÍSICA--INFORMACIÓN GENERAL
campo de control de longitud fija t|
008 - DATOS DE LONGITUD FIJA--INFORMACIÓN GENERAL
campo de control de longitud fija 070214s1904 sp r ||||1| spa d
080 ## - NÚMERO DE LA CLASIFICACIÓN DECIMAL UNIVERSAL
Número de la Clasificación Decimal Universal 946.0"1474/1516"
100 1# - ENTRADA PRINCIPAL--NOMBRE DE PERSONA
Nombre de persona Segundo Brieva y Salvatierra, Fernando.
9 (RLIN) 105190
245 11 - MENCIÓN DEL TÍTULO
Título Discurso leído en la Universidad Central en la inauguración del curso de 1904 a 1905 /
Mención de responsabilidad, etc. Fernando Segundo Brieva y Salvatierra.
260 ## - PUBLICACIÓN, DISTRIBUCIÓN, ETC.
Lugar de publicación, distribución, etc. Madrid :
Nombre del editor, distribuidor, etc. [s. n.],
Fecha de publicación, distribución, etc. 1904 (
Fabricante Impr. Colonial)
300 ## - DESCRIPCIÓN FÍSICA
Extensión 117 p. ;
Dimensiones 27 cm.
500 ## - NOTA GENERAL
Nota general Tema: Los Reyes Católicos.
651 ## - PUNTO DE ACCESO ADICIONAL DE MATERIA--NOMBRE GEOGRÁFICO
Nombre geográfico España-
Subdivisión general Historia-
Subdivisión cronológica 1474-1516, Reyes Católicos.
9 (RLIN) 8222
710 2# - ENTRADA AGREGADA--NOMBRE DE ENTIDAD CORPORATIVA
Nombre de entidad corporativa o nombre de jurisdicción como elemento de entrada Universidad Central (Madrid)
9 (RLIN) 7084
852 ## - LOCALIZACIÓN
Ubicación ES-MaACL
Número de control de estantería T-1023-F-1
Holdings
Estatus retirado Estado de pérdida Estado de daño No para préstamo Colección Biblioteca de origen Biblioteca actual Ubicación en estantería Fecha de adquisición Fuente de adquisición Total de préstamos Signatura topográfica completa Código de barras Visto por última vez Precio de reemplazo Tipo de ítem Koha
        Colección de folletos Biblioteca del Ateneo de Madrid Biblioteca del Ateneo de Madrid Depósito folletos 17/01/2008     T-1023-F-1 1145999 23/02/2023 23/02/2023 Folleto